000 00450cam a2200145 4500500
005 20260329015921.0
041 _afre
042 _adc
100 1 0 _aChampion, Yannick
_eauthor
245 0 0 _aMetal nanofoams
260 _c2026.
500 _a83
786 0 _nNanosciences and nanotechnologies | - | 2026-03-05 | p. 23-23
856 4 1 _uhttps://stm.cairn.info/nanomaterials-properties--bdti42635210-n3806-page-23?lang=en&redirect-ssocas=7080
999 _c1902190
_d1902190